History Quiz

Random History or Politics Quiz
Score 0/20 Timer 05:00
0 Plays Today
% Correct
Mahatma Gandhi
86.3%
Martin Luther King
85.6%
Nelson Mandela
84.3%
Greta Thunberg
83.2%
Rosa Parks
79.9%
Malcolm x
76.4%
Emma Watson
71.3%
Malala Yousafzai
68.6%
Frederick Douglass
66.9%
Laverne Cox
56%
% Correct
Betty Friedan
52%
Gloria Steinem
50.4%
Elizabeth Cady Stanton
49.2%
Emma Gonzalez
39.2%
Emmeline Pankhurst
37.2%
Medgar Evers
33.1%
Andrew Young
28.5%
Kailash Satyarthi
24.9%
Julian Bond
19.2%
Bayard Rustin
19.1%
Remove Ads.
Support Sporcle.
Get the best of Sporcle when you Go Orange. This ad-free experience offers more features, more stats, and more fun while also helping to support Sporcle. Thank you for becoming a member.

You're not logged in!

Compare scores with friends on all Sporcle quizzes.
OR
Log In

Show Comments

Extras

Top Quizzes Today


Score Distribution

Your Account Isn't Verified!

In order to create a playlist on Sporcle, you need to verify the email address you used during registration. Go to your Sporcle Settings to finish the process.

Report this User

Report this user for behavior that violates our Community Guidelines.

Details: